Postavenie logistiky v priemyselnom podniku diplomová práca

Na minha lista:
Detalhes bibliográficos
Autor principal: Dzurechová, Zuzana
Autor Corporativo: Fakulta podnikového manažmentu EU. Katedra manažmentu výroby a logistiky - zrušená
Outros Autores: Stern, Juraj
Formato: Livro
Idioma:eslovaco
Publicado em: Bratislava 2012
Tags: Adicionar Tag
Sem tags, seja o primeiro a adicionar uma tag!

MARC

LEADER 00000nbm a2200000 4500
001 0152520
005 20161109102042.6
041 0 |a slo 
044 |a SK 
245 1 0 |a Postavenie logistiky v priemyselnom podniku  |b diplomová práca  |c Zuzana Dzurechová ; školiteľ: Juraj Stern 
264 1 |a Bratislava  |c 2012 
300 |a 77 s. 
100 1 |a Dzurechová, Zuzana 
700 1 |a Stern, Juraj 
710 2 |a Fakulta podnikového manažmentu EU. Katedra manažmentu výroby a logistiky - zrušená